| 000 | 01392cam a22003734i 4500 | ||
|---|---|---|---|
| 003 | PE-LiUPU | ||
| 005 | 20250731184116.0 | ||
| 008 | 150616s r 000 0 d | ||
| 035 | _a(Sirsi) a5053 | ||
| 040 |
_aPE-LiUPU _bspa _cPE-LiUPU _erda |
||
| 049 | _aPRUA | ||
| 082 | 0 | 4 |
_a869.52 _bT73 _221 |
| 100 | 1 |
_aTord, Luis Enrique, _eautor. |
|
| 245 | 1 | 0 | _aOro de Pachacamac. |
| 264 | 1 |
_aLima : _bEdiciones El Virrey, _c1985. |
|
| 300 |
_a124 páginas : _bilustraciones ; _c20 cm. |
||
| 336 |
_atext _2rdacontent |
||
| 337 |
_aunmediated _2rdamedia |
||
| 338 |
_avolume _2rdacarrier |
||
| 505 | 0 | _aOro de Pachacamac -- Illahuaman -- Hortus Hermeticum -- El león rampante -- Aguilas de Pucará -- La nave del dragón -- El judío de las brújulas. | |
| 526 | _aP145 | ||
| 526 | _aP127 | ||
| 526 | _aP97 | ||
| 526 | _aP14 | ||
| 526 | _aP07 | ||
| 650 | 0 | 4 | _aCUENTOS PERUANOS - SIGLO XX. |
| 910 |
_ajck _bjvq _cjck |
||
| 942 |
_2ddc _cBOOK |
||
| 949 |
_a869.52 T73 _wDEWEY _c1 _i29148 _lCCODEBUL1 _mBUL _p00.00 _r0 _sY _tBOOK _u19880525 _xEDUCACION _PP20 _0COMPRA _o.STAFF. Colección General |
||
| 994 |
_aC0 _bPEPRU |
||
| 596 | _a1 | ||
| 999 |
_a869.52 T73 _wDEWEY _c52977 _i29148 _d52977 _e2015-8-18 _f2021-11-9 _g5 _lCCODEBUL1 _mBUL _n1 _r0 _sY _tBOOK _u2015-6-16 _xEDUCACION _PP20 _0COMPRA _o.STAFF. Colección General |
||
| 980 |
_81 _gALBERTO SANCHEZ Responsable de Automatización |
||